MARC details
| 000 -LEADER |
| campo de control de longitud fija |
01600cam a2200445Mi 4500 |
| 001 - NÚMERO DE CONTROL |
| campo de control |
88123 |
| 005 - FECHA Y HORA DE LA ÚLTIMA TRANSACCIÓN |
| campo de control |
20230411090046.0 |
| 008 - DATOS DE LONGITUD FIJA--INFORMACIÓN GENERAL |
| campo de control de longitud fija |
970708s1997 sp 000 0 spa d |
| 035 ## - NÚMERO DE CONTROL DEL SISTEMA |
| Número de control de sistema |
(OCoLC)ocm37293837 |
| 040 ## - FUENTE DE CATALOGACIÓN |
| Centro catalogador/agencia de origen |
PL# |
| Lengua de catalogación |
spa |
| Centro/agencia transcriptor |
PL# |
| Centro/agencia modificador |
HOP |
| -- |
OCLCQ |
| -- |
BNM |
| 019 ## - |
| -- |
38525959 |
| 020 ## - NÚMERO INTERNACIONAL ESTÁNDAR DEL LIBRO |
| Número Internacional Estándar del Libro |
8481641723 |
| 020 ## - NÚMERO INTERNACIONAL ESTÁNDAR DEL LIBRO |
| Número Internacional Estándar del Libro |
9788481641721 |
| 029 0# - OTRO NÚMERO DE CONTROL DE SISTEMA (OCLC) |
| Identificador de la biblioteca OCLC |
PL# |
| Número de control de sistema |
8481641723 |
| 035 ## - NÚMERO DE CONTROL DEL SISTEMA |
| Número de control de sistema |
(OCoLC)37293837 |
| Número de control cancelado/no válido |
(OCoLC)38525959 |
| 090 ## - LOCALMENTE ASIGNADO TIPO-LC NÚMERO DE CLASIFICACIÓN (OCLC); NÚMERO DE CLASIFICACIÓN LOCAL (RLIN) |
| Número de clasificación (OCLC) (R) ; Numero de clasificación, CALL (RLIN) (NR) |
HC 59 |
| Número cutter local (OCLC) ; Número de libro/Signatura topográfica íntegra, CALL (RLIN) |
.L56 1997 |
| 049 ## - FONDOS LOCALES (OCLC) |
| Biblioteca depositaria |
GRAL |
| 100 1# - ENTRADA PRINCIPAL--NOMBRE DE PERSONA |
| Nombre de persona |
Lipietz, Alain. |
| 245 10 - MENCIÓN DEL TÍTULO |
| Título |
Elegir la audacia : |
| Resto del título |
una alternativa para el siglo XXI / |
| Mención de responsabilidad, etc. |
Alain Lipietz ; traducción de Jaime Vergara Antúna. |
| 260 ## - PUBLICACIÓN, DISTRIBUCIÓN, ETC. |
| Lugar de publicación, distribución, etc. |
Madrid : |
| Nombre del editor, distribuidor, etc. |
Trotta, |
| Fecha de publicación, distribución, etc. |
1997. |
| 300 ## - DESCRIPCIÓN FÍSICA |
| Extensión |
151 p. ; |
| Dimensiones |
23 cm. |
| 440 #0 - MENCIÓN DE SERIE/PUNTO DE ACCESO ADICIONAL--TÍTULO |
| Título |
Coleccion Estructuras y Procesos. |
| Nombre de parte o sección de la obra |
Serie Ciencias Sociales |
| 500 ## - NOTA GENERAL |
| Nota general |
Titulo original: Choisir l'audace. Une alternative pour le vingt et uniáeme siáecle.- Traducido del francés. |
| 653 ## - TÉRMINO DE INDIZACIÓN--NO CONTROLADO |
| Término no controlado |
Economía |
| -- |
Siglo XXI |
| -- |
Ensayos, conferencias, etc. |
| 653 ## - TÉRMINO DE INDIZACIÓN--NO CONTROLADO |
| Término no controlado |
Ecología |
| -- |
Siglo XXI |
| -- |
Ensayos, conferencias, etc. |
| 653 ## - TÉRMINO DE INDIZACIÓN--NO CONTROLADO |
| Término no controlado |
Sociología |
| -- |
Ensayos, conferencias, etc. |
| 650 #0 - PUNTO DE ACCESO ADICIONAL DE MATERIA--TÉRMINO DE MATERIA |
| Término de materia o nombre geográfico como elemento de entrada |
Economic history |
| Subdivisión cronológica |
1945- |
| 650 #0 - PUNTO DE ACCESO ADICIONAL DE MATERIA--TÉRMINO DE MATERIA |
| Término de materia o nombre geográfico como elemento de entrada |
Economic forecasting. |
| 650 #0 - PUNTO DE ACCESO ADICIONAL DE MATERIA--TÉRMINO DE MATERIA |
| Término de materia o nombre geográfico como elemento de entrada |
Twenty-first century |
| Subdivisión general |
Forecasting. |
| 650 #4 - PUNTO DE ACCESO ADICIONAL DE MATERIA--TÉRMINO DE MATERIA |
| Término de materia o nombre geográfico como elemento de entrada |
Historia económica |
| Subdivisión cronológica |
1945- |
| 650 #4 - PUNTO DE ACCESO ADICIONAL DE MATERIA--TÉRMINO DE MATERIA |
| Término de materia o nombre geográfico como elemento de entrada |
Pronóstico económico. |
| 650 #4 - PUNTO DE ACCESO ADICIONAL DE MATERIA--TÉRMINO DE MATERIA |
| Término de materia o nombre geográfico como elemento de entrada |
Siglo XXI |
| Subdivisión general |
Pronósticos. |
| 650 #7 - PUNTO DE ACCESO ADICIONAL DE MATERIA--TÉRMINO DE MATERIA |
| Término de materia o nombre geográfico como elemento de entrada |
Previsión económica. |
| Fuente del encabezamiento o término |
embne |
| 650 #7 - PUNTO DE ACCESO ADICIONAL DE MATERIA--TÉRMINO DE MATERIA |
| Término de materia o nombre geográfico como elemento de entrada |
Política económica |
| Subdivisión cronológica |
1989- |
| Fuente del encabezamiento o término |
embne |
| 700 1# - ENTRADA AGREGADA--NOMBRE PERSONAL |
| Nombre de persona |
Vergara Antúna, Jaime, |
| Término indicativo de función/relación |
tr. |
| 938 ## - |
| -- |
Puvill Libros |
| -- |
PUVL |
| -- |
8481641723 |
| -- |
$11.63 |
| 942 ## - ELEMENTOS DE ENTRADA SECUNDARIOS (KOHA) |
| Fuente del sistema de clasificación o colocación |
Clasificación de Library of Congress |
| Tipo de ítem Koha |
|
| 994 ## - |
| -- |
C0 |
| -- |
DRFGD |
| 946 ## - PROCESAMIENTO DE INFORMACIÓN LOCAL (OCLC) |
| a |
|